000 01189nam a2200337 i 4500
001 14398
003 ES-MaACL
005 20250604062529.0
007 t|
008 921204s1990 sp |||| | spa d
020 _a84-86884-75-6
080 _a308(460)"18"
080 _a329.12(460)"18"
080 _a338.1(460)"18"
080 _a94(460)"18"
100 1 _aMallada, Lucas (
_d1841-1921)
_975787
245 1 4 _aLos males de la patria (1890) /
_cLucas Mallada ; edición al cuidado de José Esteban ; prólogo de Francisco J. Flores Arroyuelo.
260 _aMadrid :
_bFundación Banco Exterior,
_c[1990]
300 _a327 p. ;
_c23 cm.
490 1 _aBiblioteca regeneracionista ;
_v10
650 0 4 _aRegeneracionismo
_916742
651 7 _aEspaña-
_xHistoria-
_yS.XIX
_2
_9142005
651 4 _aEspaña-
_xSituación económica-
_yS.XIX.
_98504
651 4 _aEspaña-
_xSituación social-
_yS.XIX
_98512
700 1 _aEsteban, José,
_d1935-
_948033
700 1 _aFlores Arroyuelo, Francisco J.
_951271
710 2 _aFundación Banco Exterior.
_94226
830 0 _aBiblioteca regeneracionista ;
_v10
_9177460
852 _aES-MaACL
_jL-21643
999 _c14398
_d14398